Mixed Word: Movie Titles Quiz Stats

 Plays Quiz Updated Jul 9, 2015

Challenge
Share
Tweet
Embed
Score 0/16 Timer 07:00
0 Plays Today
SCRAMBLE Movie Title % Correct
HE TRIM TAXThe Matrix
72.2%
WIN DE ARROWRear Window
34.2%
THIS GENTThe Sting
24%
GO DA TRAILGladiator
17.3%
GLAZED AND BLISSBlazing Saddles
17.3%
LONE WHALEHalloween
14.8%
LEGAL FOODSGoodfellas
14%
TOUCH FAKE BUTTERBack to the Future
11.4%
SCRAMBLE Movie Title % Correct
HOT FEET SPA PANELPlanet of the Apes
10.9%
BEAR SPUDSuperbad
10.6%
GIVEN A VAN PARTY SIRSaving Private Ryan
6.9%
FAITH CLOTHES ENSEMBLEThe Silence of the Lambs
6.9%
MY PANT TOWERPretty Woman
6.3%
LOW SAPPY CANOEApocalypse Now
5.6%
ART STUN SHIELDShutter Island
4.3%
BE CHEST SPIN RIDERThe Princess Bride
3%

You're not logged in!

Compare scores with friends on all Sporcle quizzes.
OR
Log In

You Might Also Like...

Show Comments

Extras

Top Quizzes Today


Score Distribution

Your Account Isn't Verified!

In order to create a playlist on Sporcle, you need to verify the email address you used during registration. Go to your Sporcle Settings to finish the process.

Report this User

Report this user for behavior that violates our Community Guidelines.

Details: